Yhdistyneitä valtioita maailmankartalla #2 - Statistics

Yleistilastot
  • Tätä visaa on pelattu 1 057 kertaa
  • Keskiarvotulos 18 / 23
Vastaukset kartalla
Vastauksille on annettu kartalla punavihreä väri sen mukaan, kuinka moni on saanut sen oikein.
 
Vastaustilastot
Valtio % Oikein
Ruotsi
99%
Suomi
99%
Venäjä
99%
Ranska
98%
Saksa
98%
Tanska
98%
Espanja
97%
Marokko
92%
Mali
81%
Etelä-Korea
77%
Pohjois-Korea
77%
Mauritania
75%
Nigeria
75%
Luxemburg
66%
Kamerun
63%
Benin
62%
Keski-Afrikan tasavalta
62%
Etiopia
60%
Kenia
60%
Burkina Faso
58%
Tansania
58%
Mosambik
57%
Etelä-Sudan
53%
Ehtoja vastaavia visoja ei löytynyt
Tulosjakauma
Jokaisen tuloksen saaneiden osuus
Persentiili vastausten määrän mukaan
Tuloshistoriasi
Et ole pelannut tätä visaa